Monetary union in west Africa <an> agency of restraint for fiscal policies?

Gespeichert in:
Bibliographische Detailangaben
1. Verfasser: Masson, Paul
Weitere Verfasser: Pattillo, Catherine
Format: Buch
Sprache:Englisch
Veröffentlicht: Washington International Monetary Fund 2001
Schriftenreihe:IMF Working Paper WP/01/34
Schlagworte:
Tags: Tag hinzufügen
Keine Tags, Fügen Sie das erste Tag hinzu!

MARC

LEADER 00000nam a2200000 4500
001 c128714
005 20221221091248.3
041 0 |a eng 
044 |a US 
245 1 0 |a Monetary union in west Africa  |b <an> agency of restraint for fiscal policies?  |c Prepared by Paul Masson and Catherine Pattillo 
264 1 |a Washington  |b International Monetary Fund  |c 2001 
300 |a 33 s. 
490 1 |a IMF Working Paper  |v WP/01/34 
830 0 |a IMF Working Paper  |v WP/01/34 
610 2 0 |a únie menové 
610 2 0 |a politika fiškálna 
610 2 0 |a Afrika 
610 2 0 |a Medzinárodný menový fond 
100 1 |a Masson, Paul 
700 1 |a Pattillo, Catherine